O QUE É ESPERANTO: a questão da língua internacional
محفوظ في:
| المؤلف الرئيسي: | |
|---|---|
| التنسيق: | كتاب |
| اللغة: | Undetermined |
| منشور في: |
São Paulo, Brasil
Editora Brasiliense
1992
|
| الطبعة: | 2 |
| الموضوعات: | |
| الوسوم: |
إضافة وسم
لا توجد وسوم, كن أول من يضع وسما على هذه التسجيلة!
|
MARC
| LEADER | 00000nam a2200000Ia 4500 | ||
|---|---|---|---|
| 008 | 170316s9999 xx 000 0 und d | ||
| 090 | |a 410 O-6o | ||
| 100 | |a Oliveira Santiago, Izabel Cristina | ||
| 245 | |a O QUE É ESPERANTO: a questão da língua internacional | ||
| 250 | |a 2 | ||
| 260 | |a São Paulo, Brasil | ||
| 260 | |b Editora Brasiliense | ||
| 260 | |c 1992 | ||
| 300 | |a 100 páginas | ||
| 650 | |a LINGÜÍSTICA | ||
| 650 | |a EN IDIOMA ESPERANTO | ||
| 650 | |a QUE ES EL ESPERANTO | ||
| 999 | |c 18646 |d 18646 | ||
| 040 | |a cru BVZT | ||
| 942 | |c 15 D |h 410 O-6o |2 z | ||
